[Event "Tuimazy Cup Tuimazy-C op"]
[Site "Tuimazy"]
[Date "2016.09.18"]
[Round "3"]
[White "Kuzmenko, Anastasia"]
[Black "Fakhrtdinova, Elvira"]
[Result "1-0"]
[WhiteElo "1043"]
[BlackElo "1078"]
[PlyCount "67"]
[EventDate "2016.09.17"]
[EventType "tourn"]
[EventRounds "7"]
[EventCountry "RUS"]
[SourceTitle "EXT 2022"]
[Source "ChessBase"]
[SourceDate "2021.10.06"]
[SourceVersion "1"]
[SourceVersionDate "2021.10.06"]
[SourceQuality "1"]

1. e4 e5 2. Nf3 Nf6 3. Nxe5 d6 4. Nf3 Nxe4 5. Qe2 Qe7 6. d3 Nf6 7. Bg5 Be6 8. c3 h6 9. Bh4 Nc6 10. Nbd2 Qd7 11. d4 Be7 12. Ne4 Nxe4 13. Bxe7 Nxe7 14. Qxe4 d5 15. Qe3 Nf5 16. Qd2 Qe7 17. 0-0-0 0-0-0 18. Bd3 c5 19. dxc5 Qxc5 20. Bxf5 Bxf5 21. Ne5 Qe7 22. Qf4 Bg6 23. Rhe1 Qf8 24. h4 h5 25. Re3 Re8 26. Rxd5 f6 27. Nxg6 Qf7 28. Nxh8 Rxh8 29. Qc4+ Kb8 30. Red3 a6 31. Qc5 b6 32. Qxb6+ Qb7 33. Rd8+ Rxd8 34. Rxd8# 1-0

[Event "Chishmy Cup 08 B"]
[Site "Chishmy"]
[Date "2016.08.12"]
[Round "9"]
[White "Fakhrtdinova, Elvira"]
[Black "Kuzmenko, Anastasia"]
[Result "1/2-1/2"]
[WhiteElo "1065"]
[BlackElo "1009"]
[PlyCount "111"]
[EventDate "2016.08.06"]
[EventType "tourn"]
[EventRounds "9"]
[EventCountry "RUS"]
[SourceTitle "EXT 2022"]
[Source "ChessBase"]
[SourceDate "2021.10.06"]
[SourceVersion "1"]
[SourceVersionDate "2021.10.06"]
[SourceQuality "1"]

1. e4 e5 2. Nf3 Nc6 3. Nc3 Nf6 4. Bb5 d6 5. Nd5 Bg4 6. 0-0 a6 7. Nxf6+ Qxf6 8. Bxc6+ bxc6 9. h3 Bxf3 10. gxf3 Qg5+ 11. Kh1 Be7 12. d4 Qh4 13. Kh2 0-0 14. Qd2 Qh5 15. f4 exf4 16. Qxf4 d5 17. Rg1 Bd6 18. e5 Be7 19. Qh6 Qxh6 20. Bxh6 g6 21. Bxf8 Rxf8 22. Rae1 Rb8 23. b3 Rb4 24. e6 Rxd4 25. exf7+ Kxf7 26. Re2 Bd6+ 27. Kh1 Rh4 28. Rge1 Rxh3+ 29. Kg1 Bb4 30. Rd1 Bd6 31. Rde1 Bb4 32. Rd1 Rh4 33. Rd3 Rg4+ 34. Kf1 Rh4 35. Rf3+ Kg7 36. Re8 Rh1+ 37. Kg2 Rh5 38. Rc8 Rg5+ 39. Rg3 Kh6 40. Rxg5 Kxg5 41. Rxc7 c5 42. Rxh7 c4 43. bxc4 dxc4 44. Rh3 c3 45. Rg3+ Kf6 46. Rf3+ Kg7 47. Rd3 Kh6 48. Re3 a5 49. Rh3+ Kg5 50. Rd3 Kh6 51. Rh3+ Kg5 52. Rg3+ Kh6 53. Rh3+ Kg5 54. Rg3+ Kh6 55. Rh3+ Kg5 56. Rg3+ 1/2-1/2

[Event "Chishmy Cup 08 B"]
[Site "Chishmy"]
[Date "2016.08.09"]
[Round "5"]
[White "Baiburin, Daniil"]
[Black "Kuzmenko, Anastasia"]
[Result "0-1"]
[WhiteElo "1292"]
[BlackElo "1009"]
[PlyCount "58"]
[EventDate "2016.08.06"]
[EventType "tourn"]
[EventRounds "9"]
[EventCountry "RUS"]
[SourceTitle "EXT 2022"]
[Source "ChessBase"]
[SourceDate "2021.10.06"]
[SourceVersion "1"]
[SourceVersionDate "2021.10.06"]
[SourceQuality "1"]

1. e4 e5 2. d4 Nc6 3. d5 Nce7 4. Nc3 d6 5. Bc4 Nf6 6. Nf3 Bg4 7. Bg5 Ng6 8. h3 Bxf3 9. Qxf3 Be7 10. 0-0-0 h6 11. Bxf6 Bxf6 12. Bb5+ Ke7 13. g4 a6 14. Ba4 b5 15. Bb3 Qd7 16. Qe2 Rhe8 17. a4 Rab8 18. axb5 axb5 19. Nxb5 Qxb5 20. Qxb5 Rxb5 21. Ba4 Reb8 22. Bxb5 Rxb5 23. Rd3 Ra5 24. Kd2 Bg5+ 25. Kc3 Rc5+ 26. Kb3 Nf4 27. Rf3 Ne2 28. Re1 Nd4+ 29. Ka2 Nxf3 0-1

[Event "Chishmy Cup 08 B"]
[Site "Chishmy"]
[Date "2016.08.07"]
[Round "2"]
[White "Nazmeev, Kamil"]
[Black "Kuzmenko, Anastasia"]
[Result "1-0"]
[WhiteElo "1248"]
[BlackElo "1009"]
[PlyCount "87"]
[EventDate "2016.08.06"]
[EventType "tourn"]
[EventRounds "9"]
[EventCountry "RUS"]
[SourceTitle "EXT 2022"]
[Source "ChessBase"]
[SourceDate "2021.10.06"]
[SourceVersion "1"]
[SourceVersionDate "2021.10.06"]
[SourceQuality "1"]

1. e4 e5 2. Nf3 Nc6 3. Bc4 Bc5 4. 0-0 Nf6 5. Nc3 d6 6. h3 Be6 7. Bb3 Qd7 8. d3 0-0-0 9. Be3 Bb6 10. Nd5 Bxe3 11. fxe3 Rhg8 12. Qe2 h6 13. Rf2 a6 14. Raf1 Ne7 15. Nxe7+ Qxe7 16. d4 Nxe4 17. Bxe6+ fxe6 18. dxe5 Nxf2 19. exd6 Qxd6 20. Qxf2 Rgf8 21. Qe2 e5 22. c3 Qe7 23. b4 e4 24. Nd4 Rxf1+ 25. Kxf1 Qf6+ 26. Kg1 Rd5 27. Qg4+ Kb8 28. a4 Qg5 29. Qe6 Qe5 30. Qg8+ Ka7 31. a5 b6 32. Nc6+ Kb7 33. Nxe5 Rxe5 34. axb6 Kxb6 35. Qxg7 Rd5 36. Qxh6+ Rd6 37. Qg5 Rd1+ 38. Kh2 Re1 39. Qc5+ Kb7 40. b5 axb5 41. Qxb5+ Ka7 42. c4 Rxe3 43. c5 Rc3 44. c6 1-0